<?xml version="1.0" encoding="UTF-8"?>
<collection xmlns="http://www.loc.gov/MARC21/slim">
 <record>
  <leader>01198nam a2200301   4500</leader>
  <controlfield tag="001">DLU110129340</controlfield>
  <controlfield tag="005">##20111222</controlfield>
  <datafield tag="040" ind1="#" ind2="#">
   <subfield code="a">DLU</subfield>
   <subfield code="b">vie</subfield>
  </datafield>
  <datafield tag="041" ind1="#" ind2="#">
   <subfield code="a">vie</subfield>
  </datafield>
  <datafield tag="044" ind1="#" ind2="#">
   <subfield code="a">vn</subfield>
  </datafield>
  <datafield tag="082" ind1="#" ind2="#">
   <subfield code="a">663.13</subfield>
   <subfield code="b">NG-Q</subfield>
  </datafield>
  <datafield tag="100" ind1="#" ind2="#">
   <subfield code="a">Ngô Thị Thanh Quỳnh.</subfield>
  </datafield>
  <datafield tag="245" ind1="#" ind2="#">
   <subfield code="a">Tìm hiểu vai trò của một số loài cây trong quá trình lên men rượu cần :</subfield>
   <subfield code="b">Tóm tắt luận văn thạc sĩ Sinh học /</subfield>
   <subfield code="c">Ngô Thị Thanh Quỳnh; Nông Văn Tiếp, Lê Đức Bình hướng dẫn.</subfield>
  </datafield>
  <datafield tag="260" ind1="#" ind2="#">
   <subfield code="a">Đà Lạt :</subfield>
   <subfield code="b">Trường Đại học Đà lạt,</subfield>
   <subfield code="c">2011.</subfield>
  </datafield>
  <datafield tag="300" ind1="#" ind2="#">
   <subfield code="a">24 tr. ;</subfield>
   <subfield code="c">21 cm.</subfield>
  </datafield>
  <datafield tag="653" ind1="#" ind2="#">
   <subfield code="a">Hoá sinh thực phẩm</subfield>
   <subfield code="a">Chế biến thực phẩm</subfield>
   <subfield code="a">Sản xuất rượu</subfield>
   <subfield code="a">Rượu truyền thống</subfield>
   <subfield code="a">Rượu cần</subfield>
   <subfield code="a">Công nghệ lên men vi sinh</subfield>
   <subfield code="a">Cây nguyên liệu</subfield>
  </datafield>
  <datafield tag="700" ind1="#" ind2="#">
   <subfield code="a">Lê Đức Bình,</subfield>
   <subfield code="c">TS.</subfield>
   <subfield code="e">hướng dẫn.</subfield>
  </datafield>
  <datafield tag="700" ind1="#" ind2="#">
   <subfield code="a">Nông Văn Tiếp,</subfield>
   <subfield code="c">TS.</subfield>
   <subfield code="e">hướng dẫn.</subfield>
  </datafield>
  <datafield tag="915" ind1="#" ind2="#">
   <subfield code="a">Sinh thái học</subfield>
   <subfield code="b">604260</subfield>
   <subfield code="c">Thạc sĩ</subfield>
   <subfield code="d">Trường Đại học Đà lạt</subfield>
   <subfield code="e">Bộ Giáo dục và Đào tạo</subfield>
  </datafield>
  <datafield tag="992" ind1="#" ind2="#">
   <subfield code="a">0</subfield>
  </datafield>
  <datafield tag="994" ind1="#" ind2="#">
   <subfield code="a">DLU</subfield>
  </datafield>
  <datafield tag="900" ind1="#" ind2="#">
   <subfield code="a">True</subfield>
  </datafield>
  <datafield tag="911" ind1="#" ind2="#">
   <subfield code="a">Đào Thị Thu Huyền</subfield>
  </datafield>
  <datafield tag="925" ind1="#" ind2="#">
   <subfield code="a">G</subfield>
  </datafield>
  <datafield tag="926" ind1="#" ind2="#">
   <subfield code="a">A</subfield>
  </datafield>
  <datafield tag="927" ind1="#" ind2="#">
   <subfield code="a">LA</subfield>
  </datafield>
  <datafield tag="980" ind1="#" ind2="#">
   <subfield code="a">Thư viện Trường Đại học Đà Lạt</subfield>
  </datafield>
 </record>
</collection>
